Λόγια του έρωτα και άλλα διηγήματα
Αποθηκεύτηκε σε:
| Κύριος συγγραφέας: | |
|---|---|
| Μορφή: | Βιβλίο |
| Γλώσσα: | Greek French |
| Δημοσίευση: |
[Αθήνα] :
Ροές,
c2000.
|
| Έκδοση: | 2η έκδ. |
| Σειρά: | Λογοτεχνία (Εκδόσεις Ροές)
|
| Θέματα: | |
| Ετικέτες: |
Προσθήκη ετικέτας
Δεν υπάρχουν, Καταχωρήστε ετικέτα πρώτοι!
|
MARC
| LEADER | 00000cam a2200000 i 4500 | ||
|---|---|---|---|
| 001 | 1/2671 | ||
| 008 | 091221s2000 gr | ||| |||| ||gre|| | ||
| 020 | |a 9602830948 | ||
| 035 | |l 10106101 | ||
| 040 | |a GR-MyUa |b gre |e AACR2 | ||
| 041 | 1 | |a gre |h fre | |
| 082 | 7 | |a 843 |2 (22) | |
| 100 | 1 | |a Maupassant, Guy de, |d 1850-1893. | |
| 245 | 1 | 0 | |a Λόγια του έρωτα και άλλα διηγήματα / |c Guy de Maupassant ; μετάφραση: Γιώργος Αραμπατζης ; επιμέλεια: Νάσια Ντινοπούλου ; αντί προλόγου "Γκυ Ντε Μωπασσάν" ; του Joseph Conrad ; μετάφραση: Νάσια Ντινοπούλου. |
| 250 | |a 2η έκδ. | ||
| 260 | |a [Αθήνα] : |b Ροές, |c c2000. | ||
| 300 | |a 158 σ. ; |c 20 εκ. | ||
| 490 | 1 | |a Λογοτεχνία (Εκδόσεις Ροές) | |
| 500 | |a Το παράρτημα Σάμου διαθέτει την 2η ανατύπωση του 2001. | ||
| 650 | 0 | |a Short stories, French. | |
| 830 | 0 | |a Λογοτεχνία (Εκδόσεις Ροές) | |
| 852 | |a INST |b SAMOS |e 20091221 |h 843 MAU |p 005300031066 |q 005300031066 |t BK |y 0 | ||
| 852 | |a INST |b SYROS |e 20210622 |h 843 MAU |p 005500014186 |q 005500014186 |t BK |y 0 | ||
| 901 | |a BIBL3-2009-3 | ||
| 970 | |a ΣΙΤΖΙΜΗ |b ΓΙΑΣΕΜΗ |z 2009/12/21 | ||